Gốm Cây Mai: Đề Ngạn - Sài Gòn xưa

Giới thiệu lịch sử về ngành gốm của Sài Gòn xưa đặc biệt là gốm cây mai: đặc điểm nghệ thuật tạo hình, các chủng loại và tầm quan trọng của nó trong nền nghệ thuật Việt Nam

Saved in:
Bibliographic Details
Main Author: Huỳnh, Ngọc Trảng
Other Authors: Nguyễn, Đại Phúc
Format: Book
Language:Undetermined
Published: Tp. HCM Văn hóa - Văn nghệ Tp. HCM 2020
Subjects:
Online Access:http://lrc.tdmu.edu.vn/opac/search/detail.asp?aID=2&ID=41796
Tags: Add Tag
No Tags, Be the first to tag this record!
Institutions: Trung tâm Học liệu Trường Đại học Thủ Dầu Một
LEADER 01059nam a2200217Ia 4500
001 TDMU_41796
008 210410s9999 xx 000 0 und d
082 |a 553.7 
090 |b H531 
100 |a Huỳnh, Ngọc Trảng 
245 0 |a Gốm Cây Mai: Đề Ngạn - Sài Gòn xưa 
245 0 |c Huỳnh Ngọc Trảng...[và những người khác] 
260 |a Tp. HCM 
260 |b Văn hóa - Văn nghệ Tp. HCM 
260 |c 2020 
300 |a 215tr. 
520 |a Giới thiệu lịch sử về ngành gốm của Sài Gòn xưa đặc biệt là gốm cây mai: đặc điểm nghệ thuật tạo hình, các chủng loại và tầm quan trọng của nó trong nền nghệ thuật Việt Nam 
650 |a Nghệ thuật gốm  |z Đề Ngạn  |z Sài Sòn; Gốm sứ  |z Việt Nam 
700 |a Nguyễn, Đại Phúc 
856 |u http://lrc.tdmu.edu.vn/opac/search/detail.asp?aID=2&ID=41796 
980 |a Trung tâm Học liệu Trường Đại học Thủ Dầu Một